[Event "World Blitz Women 2025"]
[Site "Doha QAT"]
[Date "2025.12.30"]
[Round "15.26"]
[White "Buksa, Nataliya"]
[Black "Mkrtchyan, Mariam"]
[Result "1-0"]
[WhiteTitle "IM"]
[BlackTitle "WIM"]
[WhiteElo "2397"]
[BlackElo "2353"]
[WhiteFideId "14123622"]
[BlackFideId "13310828"]
[EventDate "2025.12.29"]

1. d4 d5 2. Nf3 Nf6 3. e3 g6 4. Be2 Bg7 5. b3 c5 6. Bb2 cxd4 7. exd4 O-O 8. O-O
Nc6 9. Nbd2 Ne4 10. Ne5 Qa5 11. Nxe4 dxe4 12. Nxc6 bxc6 13. Qe1 Qb6 14. Rd1 Rd8
15. c3 a5 16. Bc4 Bf5 17. h3 h5 18. Qe2 h4 19. Ba3 e5 20. Bc5 Qc7 21. Rd2 exd4
22. Bxd4 Bxd4 23. cxd4 Qf4 24. Rfd1 Ra7 25. Qe3 g5 26. Kf1 Rad7 27. Kg1 Kg7 28.
a3 Kg6 29. b4 axb4 30. axb4 Rb7 31. Qc3 Re7 32. Qe3 Rb7 33. Qa3 g4 34. hxg4 Bxg4
35. Be2 Bxe2 36. Rxe2 Rbd7 37. Qa6 Rd6 38. Qc4 Qg4 39. Qc2 f5 40. Re3 Qf4 41.
Kf1 Qg4 42. Rd2 Kg5 43. Qc5 Kg6 44. b5 cxb5 45. Qxb5 Rd5 46. Qb6+ R5d6 47. Qc5
Rd5 48. Qc6+ R5d6 49. Qc5 Rd5 50. Qb4 Kh6 51. Rc3 R5d6 52. d5 Qf4 53. Rh3 Kg5
54. Qc3 Kh6 55. g3 Qf3 56. Rxh4+ Kg6 57. Ke1 Rxd5 58. Rxd5 Rxd5 59. Qc6+ Kg5 60.
Qxd5 e3 61. Qxf3 1-0

[Event "World Blitz Women 2025"]
[Site "Doha QAT"]
[Date "2025.12.30"]
[Round "15.27"]
[White "Berend, Elvira"]
[Black "Gaboyan, Susanna"]
[Result "1-0"]
[WhiteTitle "WGM"]
[BlackTitle "WIM"]
[WhiteElo "2265"]
[BlackElo "2182"]
[WhiteFideId "4000510"]
[BlackFideId "13303627"]
[EventDate "2025.12.29"]

1. d4 Nf6 2. Nf3 g6 3. g3 Bg7 4. Bg2 O-O 5. O-O d5 6. b3 c6 7. Bb2 Bf5 8. c4
Nbd7 9. e3 Ne4 10. Qe2 Ndf6 11. Ne5 Qc8 12. f3 Nd6 13. Nd2 Bh3 14. Rfc1 Bxg2 15.
Kxg2 Qf5 16. cxd5 cxd5 17. Ba3 Rac8 18. g4 Qe6 19. Qd3 Nd7 20. Nxd7 Qxd7 21. Nf1
e5 22. dxe5 Bxe5 23. Rxc8 Rxc8 24. Rd1 Nb5 25. Bc1 Nc3 26. Re1 Nxa2 27. Bd2 Nc3
28. Rc1 d4 29. Rxc3 Rd8 30. Rc4 dxe3 31. Qxd7 Rxd7 32. Bxe3 b6 33. f4 Bf6 34.
Nd2 Rd3 35. Kf2 Kg7 36. Ke2 Rd7 37. g5 Be7 38. Bd4+ Kf8 39. Be5 Rd8 40. Ne4 a5
41. Rc6 b5 42. Ra6 Bb4 43. Bf6 Rc8 44. Kd3 Rb8 45. Be5 Rd8+ 46. Ke3 Rc8 47. Nd6
Bc3 48. Nxc8 1-0

[Event "World Blitz Women 2025"]
[Site "Doha QAT"]
[Date "2025.12.30"]
[Round "15.28"]
[White "Jiang, Tianyu"]
[Black "Yu, Jennifer"]
[Result "1-0"]
[BlackTitle "FM"]
[WhiteElo "2224"]
[BlackElo "2276"]
[WhiteFideId "8627215"]
[BlackFideId "2078341"]
[EventDate "2025.12.29"]

1. Nc3 g6 2. e4 Bg7 3. d4 d6 4. Be3 a6 5. h4 h5 6. Qd2 b5 7. f3 Nd7 8. Nh3 Ngf6
9. Ng5 e6 10. O-O-O Qe7 11. Be2 Bb7 12. a3 c5 13. dxc5 dxc5 14. Bf4 e5 15. Be3
b4 16. Nb1 O-O 17. Bc4 Nb6 18. Ba2 Rad8 19. Qf2 bxa3 20. Nxa3 Nfd7 21. g4 Rb8
22. gxh5 gxh5 23. Rhg1 Kh8 24. Qe2 Qf6 25. f4 exf4 26. Qxh5+ Qh6 27. Qxh6+ Bxh6
28. Bxf4 Bxg5 29. Rxg5 f6 30. Rh5+ Kg7 31. Rg1# 1-0

[Event "World Blitz Women 2025"]
[Site "Doha QAT"]
[Date "2025.12.30"]
[Round "15.29"]
[White "Kurmangaliyeva, Liya"]
[Black "Padmini, Rout"]
[Result "1-0"]
[WhiteTitle "FM"]
[BlackTitle "IM"]
[WhiteElo "2339"]
[BlackElo "2354"]
[WhiteFideId "13725831"]
[BlackFideId "5029295"]
[EventDate "2025.12.29"]

1. e4 c5 2. Nf3 e6 3. c3 d5 4. e5 Nc6 5. d4 Nge7 6. Na3 Ng6 7. Nc2 Be7 8. h4
cxd4 9. cxd4 Nxh4 10. Nxh4 Bxh4 11. Qg4 Be7 12. Qxg7 Rf8 13. Bd2 Qb6 14. Bc3 Bd7
15. Qxh7 O-O-O 16. Qd3 Kb8 17. O-O-O a5 18. Kb1 Nb4 19. Nxb4 axb4 20. Bd2 Rh8
21. Be2 f6 22. Bf4 f5 23. g3 Rc8 24. Rc1 Rcg8 25. Bd2 Be8 26. Ka1 Bg6 27. Bf4
Be8 28. Be3 Bc6 29. Qd2 Kc7 30. b3 Kd7 31. Rxh8 Rxh8 32. g4 fxg4 33. Bxg4 Bb5
34. Qc2 Bc6 35. Qg6 Bb5 36. Qg7 Ra8 37. Qg6 Qa6 38. Qc2 Bd3 39. Qd2 Be4 40. f3
Bg6 41. Rh1 Qd3 42. Qxd3 Bxd3 43. Rh6 Ra6 44. Kb2 Rc6 45. Rh2 Ke8 46. Rd2 Bg6
47. Rg2 Kf7 48. Rh2 Bf8 49. Rg2 Be7 50. Bf4 Bf8 51. Bg5 Bg7 52. Rd2 Bf8 53. Bh3
Bg7 54. Bg4 Bf8 55. Rh2 Bg7 56. Bh5 Bf8 57. Bxg6+ Kxg6 58. Bd2 Bg7 59. Rg2+ Kf7
60. Bxb4 Bh6 61. Bc3 Be3 62. a4 b6 63. Re2 Bf4 64. Rg2 Be3 65. Rh2 Bg1 66. Rh6
Be3 67. Rf6+ Kg7 68. f4 Bf2 69. f5 Bh4 70. Rxe6 Rxe6 71. fxe6 Be7 72. b4 Kg6 73.
a5 bxa5 74. bxa5 1-0

[Event "World Blitz Women 2025"]
[Site "Doha QAT"]
[Date "2025.12.30"]
[Round "15.30"]
[White "Tokhirjonova, Gulrukhbegim"]
[Black "Kiolbasa, Oliwia"]
[Result "1-0"]
[WhiteTitle "IM"]
[BlackTitle "IM"]
[WhiteElo "2372"]
[BlackElo "2397"]
[WhiteFideId "14203626"]
[BlackFideId "1154613"]
[EventDate "2025.12.29"]

1. e4 e6 2. d4 d5 3. e5 c5 4. c3 Nc6 5. Nf3 Bd7 6. Be2 f6 7. O-O fxe5 8. Nxe5
Nxe5 9. dxe5 Qc7 10. f4 Ne7 11. Nd2 O-O-O 12. b4 g5 13. Nb3 c4 14. Nd4 gxf4 15.
Bxf4 Ng6 16. Bg3 Bg7 17. Rf7 Bxe5 18. Nxe6 Qb6+ 19. Nc5 Bxg3 20. hxg3 Kb8 21.
Qd4 Bc8 22. Raf1 Rhe8 23. Bh5 Ka8 24. Rxh7 Ne7 25. Bxe8 Rxe8 26. Re1 Qd8 27. Qe5
b6 28. Ne6 Nc6 29. Nc7+ Kb7 30. Nxe8+ 1-0

[Event "World Blitz Women 2025"]
[Site "Doha QAT"]
[Date "2025.12.30"]
[Round "15.31"]
[White "Charvi A"]
[Black "Bivol, Alina"]
[Result "1-0"]
[WhiteTitle "WFM"]
[BlackTitle "IM"]
[WhiteElo "2270"]
[BlackElo "2360"]
[WhiteFideId "25165518"]
[BlackFideId "4100123"]
[EventDate "2025.12.29"]

1. e4 d5 2. exd5 Qxd5 3. Nc3 Qa5 4. Nf3 Bf5 5. d3 Nf6 6. Be2 e6 7. O-O h6 8. Bd2
Qb6 9. Na4 Qd6 10. Nc3 Nc6 11. Nb5 Qd7 12. Bf4 Rc8 13. c4 Be7 14. Nc3 O-O 15. d4
Rfd8 16. Be3 a6 17. h3 Ne4 18. Bd3 Nxc3 19. bxc3 Bxd3 20. Qxd3 Bf6 21. Rad1 Na5
22. Nd2 Qa4 23. Qe2 Qa3 24. Ne4 Be7 25. Bc1 Qa4 26. c5 b6 27. Bf4 bxc5 28. dxc5
Rxd1 29. Rxd1 f5 30. Ng3 Qc6 31. Re1 Kf7 32. Qh5+ Kf8 33. Qg6 e5 34. Qxf5+ Kg8
35. Qxc8+ 1-0

[Event "World Blitz Women 2025"]
[Site "Doha QAT"]
[Date "2025.12.30"]
[Round "15.32"]
[White "Ismayil, Malak"]
[Black "Nguyen Hong Anh"]
[Result "0-1"]
[WhiteTitle "WIM"]
[BlackTitle "WIM"]
[WhiteElo "2138"]
[BlackElo "2010"]
[WhiteFideId "13412604"]
[BlackFideId "12406732"]
[EventDate "2025.12.29"]

1. e4 c5 2. Nf3 d6 3. Bb5+ Bd7 4. Bxd7+ Qxd7 5. c4 Nc6 6. d4 cxd4 7. Nxd4 Nf6 8.
Nc3 g6 9. f3 Nxd4 10. Qxd4 Bg7 11. Qd3 O-O 12. Bd2 Qc7 13. O-O Qb6+ 14. Kh1 Rfc8
15. b3 Qc5 16. Rac1 Qh5 17. Rfe1 Rd8 18. Bf4 e6 19. Nb5 d5 20. cxd5 exd5 21. e5
Nd7 22. Nc7 Rac8 23. Nxd5 Nxe5 24. Rxc8 Rxc8 25. Bxe5 Qxe5 26. Rd1 Re8 27. h3
Qg3 28. f4 Re1+ 29. Rxe1 Qxd3 30. Re8+ Bf8 31. Rd8 Kg7 32. Rd7 Bc5 33. Kh2 Bf2
34. Nf6 Bg3+ 35. Kg1 Qb1+ 0-1

[Event "World Blitz Women 2025"]
[Site "Doha QAT"]
[Date "2025.12.30"]
[Round "15.33"]
[White "Vo, Thi Kim Phung"]
[Black "Wang, Chuqiao"]
[Result "1-0"]
[WhiteTitle "WGM"]
[BlackTitle "WIM"]
[WhiteElo "2322"]
[BlackElo "2235"]
[WhiteFideId "12401838"]
[BlackFideId "8631638"]
[EventDate "2025.12.29"]

1. d4 e6 2. c4 b6 3. Nc3 Bb7 4. e4 Bb4 5. Qc2 Qh4 6. d5 Bxc3+ 7. bxc3 Nf6 8. Bd3
e5 9. Nf3 Qh5 10. h3 d6 11. Rh2 h6 12. c5 bxc5 13. Qa4+ Nbd7 14. Rb1 Rb8 15. g4
Qg6 16. Nh4 Qh7 17. Nf5 O-O 18. f3 c4 19. Qxc4 Nc5 20. Rhb2 Kh8 21. Rxb7 Rxb7
22. Rxb7 Nxb7 23. Qxc7 Nc5 24. Bc2 Qg8 25. Nxd6 Nfd7 26. Be3 Rd8 27. Bxc5 Nxc5
28. Nxf7+ Kh7 29. Nxd8 Qf8 30. Qxe5 Qxd8 31. Qf5+ Kh8 32. e5 Kg8 33. Qh7+ Kf7
34. Bg6+ Kf8 35. Qh8+ 1-0

[Event "World Blitz Women 2025"]
[Site "Doha QAT"]
[Date "2025.12.30"]
[Round "15.34"]
[White "Kulon, Klaudia"]
[Black "Jarocka, Liwia"]
[Result "1-0"]
[WhiteTitle "IM"]
[BlackTitle "FM"]
[WhiteElo "2335"]
[BlackElo "2258"]
[WhiteFideId "1131044"]
[BlackFideId "21807558"]
[EventDate "2025.12.29"]

1. e3 d5 2. b3 Nf6 3. Bb2 g6 4. Nf3 Bg7 5. c4 O-O 6. cxd5 Nxd5 7. Bxg7 Kxg7 8.
Qc1 b6 9. Be2 c5 10. O-O Bb7 11. d4 Nd7 12. Rd1 Qc7 13. Bb5 N7f6 14. Nbd2 cxd4
15. Nxd4 Rac8 16. Qa3 Nc3 17. Rdc1 Ng4 18. g3 Qe5 19. Bf1 Nxe3 20. N4f3 Qf5 21.
fxe3 Bxf3 22. Qb2 Qe5 23. Nxf3 Ne2+ 24. Qxe2 1-0

[Event "World Blitz Women 2025"]
[Site "Doha QAT"]
[Date "2025.12.30"]
[Round "15.35"]
[White "Bayasgalan, Khishigbaatar"]
[Black "Kaliakhmet, Elnaz"]
[Result "1-0"]
[WhiteTitle "WCM"]
[BlackTitle "WIM"]
[WhiteElo "2249"]
[BlackElo "2329"]
[WhiteFideId "4904311"]
[BlackFideId "13730169"]
[EventDate "2025.12.29"]

1. d4 d5 2. c4 e6 3. Nf3 Nf6 4. g3 dxc4 5. Bg2 a6 6. O-O Nc6 7. a4 Rb8 8. Nc3
Be7 9. a5 b5 10. axb6 cxb6 11. Ne5 Nxe5 12. dxe5 Nd7 13. Bc6 O-O 14. Qd4 Qc7 15.
Bxd7 Bxd7 16. Rxa6 Rfd8 17. Qf4 b5 18. Be3 Bc6 19. Rfa1 b4 20. Ne4 Bxe4 21. Qxe4
c3 22. bxc3 Qxc3 23. Rc1 Qb3 24. Ra7 Re8 25. Rcc7 Qd1+ 26. Kg2 Qd8 27. Rd7 Qc8
28. Rac7 Qa6 29. Rxe7 Rxe7 30. Rxe7 b3 31. Ra7 Qb5 32. Ra8 b2 33. Rxb8+ Qxb8 34.
Qb1 Qb4 35. f3 Qc3 36. Kf2 h6 37. h4 Qxe5 38. Qd3 Qb8 39. Qb1 Qb4 40. Bf4 e5 41.
Be3 g6 42. f4 e4 43. g4 h5 44. g5 Kh7 45. Kg2 Qc3 46. Kf2 Kg7 47. Qd1 Qb4 48.
Qd4+ Qxd4 49. Bxd4+ Kf8 50. Bxb2 Ke7 51. Ke3 Ke6 52. Kxe4 Kd6 53. f5 Ke7 54.
Ba3+ Kd7 55. fxg6 fxg6 56. Ke5 Ke8 57. Kf6 1-0

[Event "World Blitz Women 2025"]
[Site "Doha QAT"]
[Date "2025.12.30"]
[Round "15.36"]
[White "Pham, Le Thao Nguyen"]
[Black "Mkrtchian, Lilit"]
[Result "0-1"]
[WhiteTitle "IM"]
[BlackTitle "IM"]
[WhiteElo "2348"]
[BlackElo "2366"]
[WhiteFideId "12401226"]
[BlackFideId "13300601"]
[EventDate "2025.12.29"]

1. d4 Nf6 2. c4 e6 3. Nc3 Bb4 4. e3 O-O 5. Bd2 b6 6. Nf3 Bb7 7. Bd3 d5 8. a3 Bd6
9. O-O Nbd7 10. Qe2 Ne4 11. Nb5 Be7 12. Ne5 Nxe5 13. Bxe4 Nxc4 14. Bb4 Bxb4 15.
axb4 Nd6 16. Nxd6 Qxd6 17. Bd3 Qxb4 18. Qc2 Qd6 19. Bxh7+ Kh8 20. Bd3 f5 21. f4
a5 22. Rf3 Rae8 23. Rh3+ Kg8 24. Kh1 c5 25. Qf2 Rf6 26. Rg1 cxd4 27. exd4 Ref8
28. Re3 Rh6 29. Rge1 Bc6 30. h4 Bd7 31. g3 Rhf6 32. Kh2 Rc8 33. Qe2 Rff8 34. Qh5
Qb4 35. Qg5 Qxd4 36. h5 Qxb2+ 37. R1e2 Qf6 38. Qg6 Qxg6 39. hxg6 Rf6 40. g4 Rxg6
41. g5 b5 42. Re5 b4 43. Rb2 Rb8 44. Be2 b3 45. Bh5 Kh7 46. Kg3 a4 47. Re3 d4
48. Rd3 Bc6 49. Rxd4 a3 50. Rh2 b2 51. Bd1+ Kg8 52. Bc2 a2 0-1

[Event "World Blitz Women 2025"]
[Site "Doha QAT"]
[Date "2025.12.30"]
[Round "15.37"]
[White "Yakimova, Mariya"]
[Black "Chen, Yining"]
[Result "1/2-1/2"]
[WhiteTitle "WFM"]
[BlackTitle "FM"]
[WhiteElo "2241"]
[BlackElo "2278"]
[WhiteFideId "34188859"]
[BlackFideId "8620946"]
[EventDate "2025.12.29"]

1. d4 d5 2. Nf3 Nf6 3. Bf4 c5 4. e3 e6 5. Nbd2 Qb6 6. Rb1 Bd7 7. c3 cxd4 8. exd4
Bb5 9. h4 Bxf1 10. Nxf1 Nbd7 11. h5 h6 12. Qb3 Ne4 13. N1d2 Bd6 14. Bxd6 Nxd6
15. Qa4 Qb5 16. Qxb5 Nxb5 17. a4 Nd6 18. a5 O-O-O 19. Kd1 Kb8 20. Kc2 Rc8 21. g4
Rc7 22. Rbe1 Nb5 23. Kd3 a6 24. g5 hxg5 25. Nxg5 Nf6 26. Ndf3 Rxh5 27. Rxh5 Nxh5
28. Rh1 g6 29. Ne5 Nd6 30. b3 Re7 31. c4 dxc4+ 32. bxc4 Nf4+ 33. Ke3 f6 34. Rh8+
Ka7 35. Kxf4 fxe5+ 36. Kxe5 Nxc4+ 37. Kf6 Rd7 38. Nxe6 Nxa5 39. Kxg6 Nc6 40. f4
Rd6 41. Kf7 Nxd4 42. Nxd4 Rxd4 43. f5 Rf4 44. f6 a5 45. Rh5 Ka6 46. Ke6 Re4+ 47.
Re5 Rc4 48. f7 Rc8 49. Ke7 a4 50. f8=Q Rxf8 51. Kxf8 b5 52. Ke7 Ka5 53. Kd6 a3
54. Re2 Kb4 55. Kd5 Kb3 56. Kc5 a2 57. Rxa2 1/2-1/2

[Event "World Blitz Women 2025"]
[Site "Doha QAT"]
[Date "2025.12.30"]
[Round "15.38"]
[White "Krush, Irina"]
[Black "Batsiashvili, Nino"]
[Result "0-1"]
[WhiteTitle "GM"]
[BlackTitle "GM"]
[WhiteElo "2402"]
[BlackElo "2462"]
[WhiteFideId "2012782"]
[BlackFideId "13602993"]
[EventDate "2025.12.29"]

1. c4 e6 2. Nf3 d5 3. g3 Nf6 4. Bg2 Bd6 5. O-O O-O 6. d4 Nbd7 7. Nbd2 b6 8. b3
Bb7 9. Bb2 a5 10. Ne5 a4 11. bxa4 Ne4 12. Nxe4 dxe4 13. Qc2 Bxe5 14. dxe5 Nc5
15. Ba3 Qd4 16. Bxc5 bxc5 17. Rab1 Bc6 18. e3 Qxe5 19. Qb2 Qxb2 20. Rxb2 Rxa4
21. Rc1 g5 22. g4 Rfa8 23. Rcc2 Kg7 24. Kf1 f5 25. h3 Kf6 26. Ke2 Rd8 27. f3
exf3+ 28. Bxf3 Bxf3+ 29. Kxf3 Rd3 30. Rb3 Rxb3 31. axb3 Ra3 32. Rb2 Ke5 33. b4
Rc3 34. bxc5 Rxc4 35. Rb5 Rc3 36. c6+ Kf6 37. gxf5 exf5 38. Kf2 Rxc6 39. Rd5 h5
40. Rd7 h4 41. Rd8 g4 42. hxg4 fxg4 43. Rh8 Rc2+ 44. Kf1 Kg5 45. Rg8+ Kf5 46.
Rh8 h3 47. Rh4 Kg5 48. Rh8 c5 49. e4 Kf4 50. Rg8 g3 0-1

[Event "World Blitz Women 2025"]
[Site "Doha QAT"]
[Date "2025.12.30"]
[Round "15.39"]
[White "Fataliyeva, Ulviyya"]
[Black "Atalik, Ekaterina"]
[Result "1/2-1/2"]
[WhiteTitle "IM"]
[BlackTitle "IM"]
[WhiteElo "2434"]
[BlackElo "2349"]
[WhiteFideId "13403052"]
[BlackFideId "4130189"]
[EventDate "2025.12.29"]

1. Nf3 d5 2. d4 c6 3. c3 Nf6 4. Bf4 g6 5. e3 Bg7 6. Bd3 O-O 7. h3 Bf5 8. O-O
Bxd3 9. Qxd3 e6 10. Nbd2 Nbd7 11. Bd6 Re8 12. Ne5 Nxe5 13. Bxe5 Nd7 14. Bxg7
Kxg7 15. e4 dxe4 16. Nxe4 Nf6 17. Nxf6 Qxf6 18. Rae1 Rad8 19. Qe3 Rd5 20. f4
Red8 21. Re2 b6 22. Rfe1 c5 23. dxc5 Rxc5 24. Qf2 Rcd5 25. Re5 Rxe5 26. Rxe5
Rd1+ 27. Kh2 h6 28. Re2 h5 29. Rd2 1/2-1/2

[Event "World Blitz Women 2025"]
[Site "Doha QAT"]
[Date "2025.12.30"]
[Round "15.40"]
[White "Vantika, Agrawal"]
[Black "Olde, Margareth"]
[Result "1/2-1/2"]
[WhiteTitle "IM"]
[BlackTitle "WIM"]
[WhiteElo "2369"]
[BlackElo "2214"]
[WhiteFideId "25050389"]
[BlackFideId "4503082"]
[EventDate "2025.12.29"]

1. d4 Nf6 2. c4 e6 3. Nf3 d5 4. g3 Bd6 5. Bg2 O-O 6. O-O Nc6 7. Bg5 h6 8. Bxf6
Qxf6 9. e3 dxc4 10. Nbd2 e5 11. d5 Ne7 12. Nxc4 Bg4 13. h3 Bh5 14. e4 Bxf3 15.
Bxf3 Qg6 16. Qb3 f5 17. exf5 Nxf5 18. Be4 Bc5 19. Kh2 Qf6 20. d6 Nd4 21. Qxb7
cxd6 22. b4 Bb6 23. Qd5+ Kh8 24. Qxd6 Nf3+ 1/2-1/2

[Event "World Blitz Women 2025"]
[Site "Doha QAT"]
[Date "2025.12.30"]
[Round "15.41"]
[White "Dzagnidze, Nana"]
[Black "Nandhidhaa, P V"]
[Result "1-0"]
[WhiteTitle "GM"]
[BlackTitle "WGM"]
[WhiteElo "2469"]
[BlackElo "2257"]
[WhiteFideId "13601903"]
[BlackFideId "5050847"]
[EventDate "2025.12.29"]

1. d4 Nf6 2. c4 e6 3. Nc3 d5 4. cxd5 exd5 5. Bg5 Be7 6. e3 c6 7. Bd3 O-O 8. Qc2
Nbd7 9. Nge2 Re8 10. O-O h6 11. Bh4 Ne4 12. Bxe7 Qxe7 13. Bxe4 dxe4 14. b4 Nf6
15. a3 Bd7 16. Rab1 Rac8 17. Rfd1 Bg4 18. Rd2 Bxe2 19. Rxe2 Nd5 20. h3 Qe6 21.
Rc1 Nxc3 22. Qxc3 Rcd8 23. Rec2 Rd5 24. Qe1 Rg5 25. Kh1 Rd8 26. Rc5 Rdd5 27. a4
a6 28. Qf1 Rxc5 29. bxc5 Qa2 30. Rb1 Qxa4 31. Rxb7 Rg6 32. Ra7 a5 33. Qe1 Qc2
34. Rxa5 f5 35. Kg1 Kh7 36. Ra1 Qb2 37. Qd1 f4 38. Rb1 Qa2 39. Ra1 Qb2 40. Qb1
Qe2 41. Qxe4 f3 42. g3 h5 43. h4 Kh6 44. Qf4+ Kh7 45. e4 Rg4 46. Qf5+ Kh6 47.
Qe5 Rxe4 48. Qd6+ Re6 49. Qf4+ Kh7 50. Rf1 Rg6 51. Qf5 Kh6 52. Qf4+ Kh7 53. Qc7
Rg4 54. Qd6 Rg6 55. Qe5 Kh6 56. Qxe2 fxe2 57. Re1 Re6 58. Kg2 Re4 59. Kf3 Rxd4
60. Rxe2 Rd5 61. Re6+ Kh7 62. Rxc6 g5 63. hxg5 Rxg5 64. Kf4 Rd5 65. Ke4 Rd2 66.
f4 Rg2 67. Kf3 Rc2 68. Rc8 Rc3+ 69. Kg2 Kg6 70. c6 Kg7 71. c7 Rc4 72. f5 Rc5 73.
f6+ Kh7 74. Re8 1-0

[Event "World Blitz Women 2025"]
[Site "Doha QAT"]
[Date "2025.12.30"]
[Round "15.42"]
[White "Bodnaruk, Anastasia"]
[Black "Khalilova, Madinabonu"]
[Result "1-0"]
[WhiteTitle "IM"]
[BlackTitle "WCM"]
[WhiteElo "2357"]
[BlackElo "2241"]
[WhiteFideId "4181751"]
[BlackFideId "14223422"]
[EventDate "2025.12.29"]

1. e4 e5 2. Nf3 Nc6 3. Bb5 a6 4. Ba4 Nf6 5. O-O Be7 6. Bxc6 dxc6 7. Re1 Bd6 8.
d4 Nd7 9. c3 O-O 10. Bg5 f6 11. Bh4 Re8 12. Nbd2 c5 13. Nc4 cxd4 14. cxd4 Bb4
15. Qb3 Nc5 16. Qxb4 Nd3 17. Qc3 Nxe1 18. Rxe1 exd4 19. Nxd4 c5 20. Nf3 b5 21.
Na5 Qb6 22. b4 cxb4 23. Qxb4 Be6 24. Nd4 Rac8 25. Nxe6 Qxe6 26. Qb3 Qxb3 27.
Nxb3 Rc2 28. f4 Rxa2 29. e5 g5 30. Bg3 gxf4 31. Bxf4 fxe5 32. Bxe5 Rc2 33. Re3
Rc4 34. Nd2 Rc1+ 35. Kf2 Rf8+ 36. Ke2 Rc6 37. Ne4 Kf7 38. Ng5+ Kg6 39. h4 h6 40.
Ne4 Re6 41. Bd4 Rfe8 42. Kd3 a5 43. Rg3+ Kf5 44. Rf3+ Kg6 45. h5+ Kxh5 46. Nf6+
Kg6 47. Nxe8 Rxe8 48. Rf6+ Kg5 49. Rb6 b4 50. Be3+ Kg4 51. Rg6+ Kf5 52. Rxh6 Rg8
53. Rh5+ Ke6 54. Rxa5 Rxg2 55. Rb5 Rg4 56. Bd4 Rg3+ 57. Kc4 b3 58. Bc3 Rg4+ 59.
Kxb3 Kd6 60. Ra5 Rg8 61. Kc4 Rg4+ 62. Bd4 Ke6 63. Ra6+ Kf5 64. Kd5 Rg8 65. Rf6+
Kg5 66. Rf1 Rd8+ 67. Ke4 Kg6 68. Be5 Rd2 69. Rg1+ Kf7 70. Kf5 Rf2+ 71. Bf4 Ra2
72. Rb1 Ra5+ 73. Be5 Ra7 74. Rh1 Ra2 75. Rh7+ Kg8 76. Rb7 Rf2+ 77. Ke6 Rf1 78.
Rg7+ Kf8 79. Rh7 Rg1 80. Rb7 Rf1 81. Rb8# 1-0

[Event "World Blitz Women 2025"]
[Site "Doha QAT"]
[Date "2025.12.30"]
[Round "15.43"]
[White "Zhurova, Anna"]
[Black "Shvedova, Alexandra"]
[Result "1/2-1/2"]
[WhiteTitle "WFM"]
[BlackTitle "WIM"]
[WhiteElo "2299"]
[BlackElo "2255"]
[WhiteFideId "54113075"]
[BlackFideId "54154782"]
[EventDate "2025.12.29"]

1. e4 e5 2. Nf3 Nc6 3. Bb5 a6 4. Ba4 d6 5. c3 Bd7 6. O-O Nf6 7. d4 Be7 8. Re1
O-O 9. d5 Nb8 10. Bc2 Bc8 11. c4 Nbd7 12. Nc3 a5 13. a3 b6 14. Rb1 Ba6 15. Qe2
Nh5 16. b4 axb4 17. axb4 g6 18. Bd3 Ng7 19. Be3 f5 20. c5 Bxd3 21. Qxd3 bxc5 22.
bxc5 dxc5 23. exf5 gxf5 24. Qc4 Bd6 25. Bg5 Qe8 26. Nb5 Qf7 27. Nxd6 cxd6 28.
Rb7 Rfb8 29. Qb5 Rxb7 30. Qxb7 Rb8 31. Qc7 Ne8 32. Qa7 Rb4 33. h4 Nb6 34. Qb8
Nxd5 35. Qd8 Nc7 36. Ra1 Ne6 37. Qc8 Nc7 38. Ra7 Kg7 39. Bd8 Rb1+ 40. Kh2 Qc4
41. Rxc7+ Nxc7 42. Qxc7+ Qf7 43. Qxd6 e4 44. Ng5 Qg6 45. Qe5+ Kg8 46. Qd5+ Kg7
47. Qxc5 Rb7 48. Qd4+ Kh6 49. Qe3 Kg7 50. Qf4 Rd7 51. Bc7 Qc6 52. Be5+ Kg6 53.
h5+ Kxh5 54. Qxf5 Qg6 55. g4+ Kh6 56. Qxd7 Kxg5 57. Qe7+ Kxg4 58. Qd7+ Kf3 59.
Qh3+ Kxf2 60. Bd4+ Ke2 61. Qe3+ Kd1 62. Qb3+ Ke2 63. Qc2+ Kf3 64. Qf2+ Kg4 65.
Qg3+ Kf5 66. Qf2+ Ke6 67. Qa2+ Kf5 68. Qd5+ Kf4 69. Qe5+ Kf3 70. Qf6+ Qxf6 71.
Bxf6 1/2-1/2

[Event "World Blitz Women 2025"]
[Site "Doha QAT"]
[Date "2025.12.30"]
[Round "15.44"]
[White "Kirtadze, Anastasia"]
[Black "Toncheva, Nadya"]
[Result "0-1"]
[WhiteTitle "WIM"]
[BlackTitle "FM"]
[WhiteElo "2281"]
[BlackElo "2362"]
[WhiteFideId "13622714"]
[BlackFideId "2924056"]
[EventDate "2025.12.29"]

1. e4 c5 2. Nf3 Nc6 3. Bb5 e6 4. c3 Nge7 5. d4 cxd4 6. cxd4 d5 7. e5 Nf5 8. Nc3
Be7 9. O-O O-O 10. Bd3 Ncxd4 11. Nxd4 Nxd4 12. Bxh7+ Kxh7 13. Qxd4 Bd7 14. Be3
Kg8 15. f4 b6 16. f5 Bc5 17. Qd3 Qg5 18. Bxc5 bxc5 19. Rae1 Rab8 20. b3 Rb4 21.
f6 Rg4 22. g3 Bc6 23. Ne2 d4 24. Nf4 gxf6 25. exf6 e5 26. Ne2 e4 27. Qa6 Qd5 28.
Nf4 Rxf4 29. Rxf4 e3 30. Rg4+ Kh7 31. Qd3+ Kh6 32. Rh4+ Kg5 33. Rg4+ Kxg4 34.
Qe2+ Qf3 35. h3+ Kxg3 36. Qh2+ Kh4 37. Rf1 Rg8+ 0-1

[Event "World Blitz Women 2025"]
[Site "Doha QAT"]
[Date "2025.12.30"]
[Round "15.45"]
[White "Girya, Olga"]
[Black "Preobrazhenskaya, Diana"]
[Result "0-1"]
[WhiteTitle "GM"]
[BlackTitle "WFM"]
[WhiteElo "2398"]
[BlackElo "2131"]
[WhiteFideId "4195752"]
[BlackFideId "34270566"]
[EventDate "2025.12.29"]

1. d4 Nf6 2. c4 e6 3. Nc3 Bb4 4. Qc2 O-O 5. e3 d5 6. Nf3 b6 7. cxd5 exd5 8. Bd3
Bb7 9. O-O Re8 10. a3 Bd6 11. Nb5 a6 12. Nxd6 Qxd6 13. b4 Nbd7 14. Bb2 Ne4 15.
Rac1 Rac8 16. Qe2 b5 17. Ne5 f6 18. Nxd7 Qxd7 19. Qh5 g6 20. Qh6 Re7 21. Rfe1
Nd2 22. Rc2 Nc4 23. Rce2 f5 24. h4 Qd6 25. Bc1 Rce8 26. Qg5 Kg7 27. h5 Qf6 28.
h6+ Kf7 29. Qf4 Nd6 30. f3 g5 31. Qh2 Re6 32. e4 Qxd4+ 33. Be3 Qxd3 34. Qh5+ Rg6
35. Bxg5 dxe4 36. f4 Qd4+ 37. Kh1 Bd5 38. Re3 Qd2 39. R3e2 Qc3 40. Re3 Qd4 41.
Qh3 Nc4 42. R3e2 Be6 43. Rc1 e3 44. Rce1 Qe4 45. Qh4 Bd5 46. Qh5 Re6 47. Qh3 Qd4
48. Qh4 Nd2 49. Qh3 Ne4 50. Kh2 Nf2 51. Qh4 Ng4+ 52. Kg1 Qe4 53. Qg3 Bc4 54. Rb2
Qd4 55. Kh1 Qxb2 0-1

[Event "World Blitz Women 2025"]
[Site "Doha QAT"]
[Date "2025.12.30"]
[Round "15.46"]
[White "Priyanka, Nutakki"]
[Black "Krasteva, Beloslava"]
[Result "1-0"]
[WhiteTitle "WGM"]
[BlackTitle "FM"]
[WhiteElo "2292"]
[BlackElo "2339"]
[WhiteFideId "25049615"]
[BlackFideId "2922029"]
[EventDate "2025.12.29"]

1. Nf3 d6 2. d4 Nf6 3. b3 g6 4. Bb2 Bg7 5. g3 a5 6. a3 a4 7. b4 d5 8. Nbd2 b5 9.
Bg2 O-O 10. Ne5 c6 11. e4 Qc7 12. O-O Nbd7 13. Nd3 Nb6 14. e5 Ne8 15. Nc5 Qd8
16. f4 Nc7 17. Qe2 Ne6 18. Nd3 Nc4 19. Bc3 h5 20. f5 Ng5 21. fxg6 fxg6 22. Rxf8+
Bxf8 23. Nxc4 bxc4 24. Nf4 Bf5 25. Rf1 e6 26. h3 Ne4 27. Be1 Qg5 28. Bxe4 Bxe4
29. Nxe6 Qe7 30. Nc5 Bh6 31. Nxe4 dxe4 32. Qxe4 Rf8 33. Qxg6+ Bg7 34. Rxf8+ Qxf8
35. Qxh5 Qe7 36. Qf5 Qd8 37. Qe6+ Kh8 38. Qxc4 Qg5 39. Qe2 Qc1 40. Kg2 Qxa3 41.
e6 Bf6 42. e7 Bxe7 43. Qxe7 Qa2 44. Qe8+ Kh7 45. Qe7+ Kg8 46. Qg5+ Kf7 47. Qf5+
Kg8 48. Bd2 a3 49. Qg6+ Kf8 50. Bh6+ 1-0